Clubs de Championship (2025-2026) - Statistiques

Statistiques générales
  • Ce quiz a été pris 22 fois
  • Le résultat moyen est 15 sur 24
Statistiques - réponses
Championship % Correct
Leicester
89%
Southampton
89%
Norwich
83%
Ipswich Town
78%
Birmingham City
72%
Coventry
72%
Sheffield United
72%
Swansea
72%
Hull City
67%
Milwall
61%
Portsmouth
61%
Sheffield Wednesday
61%
Watford
61%
Blackburn Rovers
56%
Charlton Athletic
56%
Stoke City
56%
Bristol City
50%
Middlesbrough
50%
Oxford United
50%
Queens Park Rangers
50%
Derby County
39%
West Bromwich Albion
39%
Wrexham
39%
Preston North End
28%
Aucun quiz correspondant
Distribution des résultats
% des personnes avec chaque résultat
Percentile par nombre de réponses
Votre historique - résultats
Vous n’avez pas pris ce quiz